Score 0/15 Timer 05:00
0 Plays Today
% Correct
Daniel Radcliffe
97.1%
Daniel Craig
93.1%
Dan Aykroyd
88.9%
Danny Trejo
87.1%
Danny Glover
86.2%
Daniel Stern
85.3%
Daniel Dae Kim
84%
Daniel Kaluuya
81.6%
% Correct
Danny DeVito
77.7%
Daniel Day-Lewis
77.3%
Danny Pudi
74.3%
Daniel Brühl
67.8%
Danny McBride
66.3%
Dan Fogler
64.1%
Danny Huston
57.2%
Remove Ads.
Support Sporcle.
Get the best of Sporcle when you Go Orange. This ad-free experience offers more features, more stats, and more fun while also helping to support Sporcle. Thank you for becoming a member.

You're not logged in!

Compare scores with friends on all Sporcle quizzes.
OR
Log In

Show Comments

Extras

Top Quizzes Today


Score Distribution

Your Account Isn't Verified!

In order to create a playlist on Sporcle, you need to verify the email address you used during registration. Go to your Sporcle Settings to finish the process.

Report this User

Report this user for behavior that violates our Community Guidelines.

Details: